000 00218nam a22000977a 4500
003 SGT
245 _aTHE JOURNAL OF OBSTETRIC & GYNECOLOGY INDIA
260 _bBOMBAY OBS & GYN SOCIETY
300 _a550
942 _2ddc
_cBV
999 _c19480
_d19480